El alcalde de Zalamea
Saved in:
| Hovedforfatter: | |
|---|---|
| Format: | Bog |
| Sprog: | spansk |
| Udgivet: |
Buenos Aires
Marcos Sastre
1946
|
| Serier: | Biblioteca de Clásicos Españoles, 4
|
| Fag: | |
| Tags: |
Tilføj Tag
Ingen Tags, Vær først til at tagge denne postø!
|
MARC
| LEADER | 00000nam a2200000 a 4500 | ||
|---|---|---|---|
| 001 | UCQ1912 | ||
| 003 | CL-VaPUC | ||
| 008 | 980721e19460000AG |||||||||||||||||spa|d | ||
| 082 | 0 | 4 | |a 862 |b CAL |2 21 |
| 100 | 0 | |a Calderón de la Barca, Pedro |e author |9 316207 | |
| 245 | 1 | 3 | |a El alcalde de Zalamea |
| 300 | |a 119 p | ||
| 942 | |c BK | ||
| 945 | |d 19980721 00:00:00 |a lriquelm | ||
| 260 | |a Buenos Aires |b Marcos Sastre |c 1946 | ||
| 650 | 0 | |a Dramas españoles |9 267081 | |
| 650 | 0 | |a Literatura española |9 306261 | |
| 583 | |a last modification |c 19980721 00:00:00 |k Rodrigo Vera | ||
| 490 | 0 | |a Biblioteca de Clásicos Españoles, 4 | |
| 999 | |c 272755 |d 272753 | ||
| 952 | |0 0 |1 0 |4 0 |6 862_000000000000000_CAL_1946 |7 0 |8 A |9 307897 |a BIBEDU |b BIBEDU |d 2019-11-20 |i 1436759 |o 862 CAL 1946 |p 1436759 |r 2019-11-20 |w 2019-11-20 |y BK |k LIT | ||